000 00863nam a2200229 a 4500
001 000016477
005 20200929164923.0
008 100305s1993 dr a 001 0 spa d
020 _a8492389397
040 _aDO-SdBNP
_bspa
_cBNPHU
082 _a371.22
_bS237h
100 1 _aSantoyo, Luz Alba
_936696
245 1 0 _aHacia una nueva metodología de la enseñanza de las matemáticas /
_cLuz Alba Santoyo.
260 _aSanto Domingo :
_bCentro Cultural Proveda,
_c1993.
300 _a55 p. ; :
_bil. ;
_c28 cm.
490 1 _aCuaderno de sociedad y educación
_vno. 1
500 _aIncluye referencias bibliográficas y notas al pie de las páginas
650 4 _aMatematica
_bENSEÑANZA
_zRepublica Dominicana
_936697
650 4 _aMetodos de enseñanza
_zRepublica Dominicana
_936698
830 0 _aCuaderno de sociedad y educación
_vno. 1
_936699
049 _aBNPD
999 _c16012
_d16012